00963nas a2200277Ia 4500001001600000003001000016008004100026040002500067041001300092100001600105210001900121222001900140245002700159250001100186260000900197501012300206300001400329362003300343500004000376650003400416700001100450942000700461957000600468999003300474952017800507A50/R191-39829 IT-MiCISF161014c99999999xx |||||||||||| ||und|| aIT-MiCISFcIT-MiCISF aITALIANO aDoldi Marco aSì alla vita aSì alla vita 0aMaestri di relativismo a1a ed. c2004 bCISF - Centro Internazionale Studi Famiglia - Via Giotto, 36 20145 MILANO (non commercial uses only)cCopyright 2016 app. 41-43 an. 7-8, luglio-agosto [2004] a Tema: divorzio, società, giovani aFAMIGLIA - divorziovarticolo aAA.VV. cCR 71 a39829bSig1c246355d246355 0010406A_50_000000000000000_R1913982971aCISFbCISFd2016-10-14l0oA50/R191-39829 r2016-10-14 00:00:00w2016-10-14yCRzData import 15.10.2016 / by Epidotti, Vaglietti